000 00417nam a2200169Ia 4500
003 GCL
008 140319s9999 xx 000 0 eng d
040 _aGCL /
_cGCL
082 0 4 _a701
_bN M
100 1 _aNEWITON, ERIC
245 1 0 _aTHE MEANING OF BEAUTY /
_cNEWITON, ERIC
260 _a[S.N] :
_bPENGUIN BOOKS
490 _aAPELICAN BOOK
_v0
650 0 4 _aARTS, PHILOSOPHY
650 0 4 _aBEAUITY
942 _2ddc
_cBK
999 _c19484
_d19484